| 000 | 00646nam a2200217 u 4500 | ||
|---|---|---|---|
| 005 | 20241130063758.0 | ||
| 008 | 090921s2008 r 000 0 eng d | ||
| 020 | _a9786074290912 | ||
| 035 | _aUPN01000172416 | ||
| 049 | _aCG | ||
| 050 | 4 |
_aJL1281 _bA5.5 |
|
| 100 | 1 | _aAnaya, Martha | |
| 245 | 1 | 0 |
_a1988 : _bel año que calló el sistema / _cMartha Anaya. |
| 260 |
_aMéxico : _bDebate, _c2008. |
||
| 300 |
_a294 p. : _bil. |
||
| 651 | 4 |
_aMéxico _xPolítica y gobierno _y1988- _95575 |
|
| 651 | 4 |
_aMéxico _xHistoria _ySiglo XX _94443 |
|
| 650 | 2 |
_aPartidos políticos _zMéxico _99992 |
|
| 650 | 2 |
_aElecciones _zMéxico _95520 |
|
| 905 | _aLibro | ||
| 999 |
_c144520 _d144520 |
||